| 000 | 03289nam a2200541 c 4500 | ||
|---|---|---|---|
| 003 | BLK | ||
| 005 | 20240426134120.0 | ||
| 008 | 180411b bul|||||r ||||||| ||bul|| | ||
| 010 | _aKNG00184784000 | ||
| 040 | _aBLK | ||
| 041 |
_aBUL _cBUL |
||
| 080 |
_aПолитически партии и движения _b329 _x(497.2)БКП _z329(497.2)БКП |
||
| 100 | 1 |
_aБоев, Борис Димитров _eпърви автор _9377922 |
|
| 700 | 1 |
_aБоев, Петко _e* _9383305 |
|
| 700 | 1 |
_aДобринов, Дечо _e* _9364232 |
|
| 700 | 1 |
_aГеоргиев, Ставри _e* _9383315 |
|
| 700 | 1 |
_aДанов, Андрей Ив. _e* _9340519 |
|
| 700 | 1 |
_aЗлатев, Златко _e* _9383316 |
|
| 700 | 1 |
_aИсусов, Мито Ц. _e* _9340520 |
|
| 700 | 1 |
_aМигев, Владимир Тихомиров _9366801 |
|
| 700 | 1 |
_aМитев, Трендафил _e* _9379122 |
|
| 700 | 1 |
_aНаумов, Георги Г. _e* _9340496 |
|
| 700 | 1 |
_aПанайотов, Филип Ламбев _9382814 |
|
| 700 | 1 |
_aПетров, Костадин _e* _9382487 |
|
| 700 | 1 |
_aСемков, Милен Христов _e* _9364802 |
|
| 700 | 1 |
_aСирков, Димитър Ив. _e* _9340521 |
|
| 700 | 1 |
_aТанев, Стоян Г. _e* _9340522 |
|
| 700 | 1 |
_aШарова, Крумка Крумова _9142818 |
|
| 700 | 1 |
_aКьосев, Христо Ж. _eсъстав. и ред. _9383304 |
|
| 700 | 1 |
_aМишков, Георги Н. _eсъстав. и ред. _9340492 |
|
| 139 |
_aБългарската комунистическа партия _bБ 92 |
||
| 245 | 1 | 0 |
_aБългарската комунистическа партия _bИст. справ. _cБорис Димитров Боев; * Петко Боев; * Дечо Добринов; * Ставри Георгиев; * Андрей Ив. Данов; * Златко Златев; * Мито Ц. Исусов; Владимир Тихомиров Мигев; * Трендафил Митев; * Георги Г. Наумов; Филип Ламбев Панайотов; * Костадин Петров; * Милен Христов Семков; * Димитър Ив. Сирков; * Стоян Г. Танев; * Крумка Крумова Шарова; състав. и ред. Христо Ж. Кьосев; състав. и ред. Георги Н. Мишков. |
| 257 | _aBGR | ||
| 260 |
_аСофия _bПартиздат _c1985 |
||
| 300 |
_a392 с. _bс табл. _c21 см |
||
| 380 | _a3 | ||
| 500 | _aДруги авт. : П. Боев, Д. Добринов, С. Георгиев, А. Данов, З. Златев, М. Исусов, Хр. Кьосев, Вл. Митев, Тр. Митев, Г. Мишков, Г. Наумов, Ф. Панайотов, К. Петров, М. Семков, Д. Сирков, С. Танев, Кр. Шарова, отбелязани на гърба на загл. с. - 15 110 тир. | ||
| 650 | 4 |
_aБКП - история _9251670 |
|
| 653 | _aБКП | ||
| 653 | _aистория | ||
| 653 | _aсправочници | ||
| 852 | _aЦб 138229 | ||
| 856 | 4 |
_qpdf _u |
|
| 856 | 4 |
_qpdf _u |
|
| 942 |
_cKNG _n0 |
||
| 944 |
_aCR _c11.11.2015 _lГеновева Генчева _k30560 |
||
| 944 |
_aED _c11.11.2015 _l11.11.2015 - от С1,Р / 11.11.2015 _k |
||
| 999 |
_c176179 _d176179 |
||